Alle Pokémon mit "A" - Statistiken

Allgemein
  • Dieses Quiz wurde 376 mal gespielt
  • Das Durchschnittsergebnis liegt bei 25 aus 44
Antwortstatistiken
Typ Pokémon % Korrekt
Eis / Flug Arktos
89%
Gestein / Flug Aerodactyl
83%
Psycho 🧠 Abra
80%
Geist / Gift Alpollo
79%
Gestein / Wasser Amonitas
79%
Gestein / Wasser Amoroso
75%
Wasser / Eis Austos
70%
Eis ❄ Arktilas
69%
Eis ❄ Arktip
69%
Wasser 💧 Aquana
64%
Unlicht 🌜 Absol
63%
Käfer / Elektro Akkup
63%
Gift / Wasser Algitt
63%
Gift / Feuer Amfira
63%
Wasser / Käfer Aranestro
63%
Wasser / Käfer Araqua
63%
Gestein / Eis Amagarga
62%
Gestein / Eis Amarino
62%
Gestein / Käfer Anorith
62%
Feuer 🔥 Arkani
62%
Gestein / Käfer Armaldo
62%
Gift ☠ Arbok
61%
Wasser / Fee Azumarill
61%
Drache / Flug Altaria
59%
Elektro ⚡ Ampharos
57%
Wasser / Geist Apoquallyp
57%
Normal / Fee Azurill
57%
Gestein / Gift Anego
52%
Gestein / Flug Aeropteryx
51%
Normal ✳ Arceus
51%
Wasser 💧 Aalabyss
50%
Gift / Normal Affiti
50%
Gift / Drache Agoyon
50%
Normal ✳ Ambidiffel
48%
Pflanze / Flug Arboretoss
48%
Käfer / Gift Ariados
48%
Normal ✳ Amigento
47%
Gift / Wasser Aggrostella
41%
Wasser 💧 Amphizel
41%
Wasser / Psycho Agiluza
36%
Feuer / Geist Azugladis
34%
Flug / Unlicht Adebom
28%
Wasser 💧 Admurai
26%
Käfer / Gestein Axantor
19%
Keine übereinstimmenden Quizze gefunden
Verteilung der Resultate
Anzahl Personen mit jedem Resultat
Perzentil nach korrekt beantworteten Fragen
Ihre Resultats-Entwicklung
Sie haben dieses Quiz noch nicht gespielt